000 00459nam a2200181 4500
003 LK-CoMWRAF
005 20230825061806.0
008 230825b2007 |||||||| |||| 00| 0 eng d
020 _a9781408803738
040 _aLK-CoMWRAF
_dLK-CoMWRAF
_eLK-CoMWRAF
041 _aeng
082 _a813.6
_bHOS
100 _aHosseini, Khaled
245 _aA Thousand splendid suns
260 _aLondon:
_bBloomsbury:
_c2007
650 _aEnglish Fiction
942 _n0
_cBK
999 _c3255
_d3255